[Event "GRENKE Chess Open 2018"]
[Site "Karlsruhe GER"]
[Date "2018.03.29"]
[Round "1.27"]
[White "Barillaro, Luca"]
[Black "Mikhalevski, Victor"]
[Result "0-1"]
[BlackTitle "GM"]
[WhiteElo "2135"]
[BlackElo "2557"]
[WhiteFideId "803090"]
[BlackFideId "2801914"]
[EventDate "2018.03.29"]

1. c4 e5 2. g3 c6 3. d4 e4 4. Bg2 d5 5. Nc3 Nf6 6. Bg5 Nbd7 7. Nh3 h6 8. Bf4 g5
9. Be5 Bg7 10. cxd5 Nxe5 11. dxe5 Nxd5 12. Nxe4 Bxe5 13. Qb3 Qa5+ 14. Nd2 Be6
15. Qc2 Nb4 16. Qc1 Nxa2 17. Qc2 O-O-O 18. Rd1 Nb4 19. Qb1 g4 20. Nf4 Bxf4 21.
gxf4 Bf5 22. Be4 Bxe4 23. Nxe4 Rxd1+ 24. Qxd1 Rd8 25. Qb1 Nd3+ 26. Kf1 Nxf4 27.
Nc3 Qe5 28. Rg1 h5 29. Rg3 Nh3 30. Kg2 Qf4 31. f3 f5 0-1

[Event "GRENKE Chess Open 2018"]
[Site "Karlsruhe GER"]
[Date "2018.03.29"]
[Round "1.28"]
[White "Demuth, Adrien"]
[Black "Simonetto, Andrea"]
[Result "1-0"]
[WhiteTitle "GM"]
[WhiteElo "2551"]
[BlackElo "2135"]
[WhiteFideId "642274"]
[BlackFideId "873314"]
[EventDate "2018.03.29"]

1. Nf3 d5 2. g3 Nf6 3. Bg2 e6 4. O-O Nc6 5. d4 a6 6. b3 Bd6 7. c4 O-O 8. Bb2 Re8
9. Nbd2 Bf8 10. Qc2 Nb4 11. Qb1 a5 12. a3 Na6 13. e4 c5 14. e5 Nd7 15. Re1 a4
16. bxa4 Nb6 17. Qc2 Bd7 18. a5 Nxc4 19. Nxc4 dxc4 20. Rad1 Be7 21. Nd2 c3 22.
Qxc3 cxd4 23. Qxd4 Bc5 24. Qf4 Qxa5 25. Nc4 Qb5 26. Ba1 Rac8 27. Nd6 Bxd6 28.
exd6 Rc4 29. Bf1 Rec8 30. Bxc4 Rxc4 31. Rb1 Qd5 32. Qe5 Qxe5 33. Bxe5 Nc5 34.
Rec1 Rxc1+ 35. Rxc1 Nd3 36. Rc7 Nxe5 37. f4 1-0

[Event "GRENKE Chess Open 2018"]
[Site "Karlsruhe GER"]
[Date "2018.03.29"]
[Round "1.29"]
[White "Hoffmann, Achim Gunter"]
[Black "Santos Latasa, Jaime"]
[Result "0-1"]
[BlackTitle "IM"]
[WhiteElo "2134"]
[BlackElo "2549"]
[WhiteFideId "3203840"]
[BlackFideId "2293307"]
[EventDate "2018.03.29"]

1. e4 c5 2. Nf3 d6 3. d4 cxd4 4. Nxd4 Nf6 5. Nc3 a6 6. Bc4 e6 7. Bb3 Nbd7 8. O-O
Nc5 9. f3 b5 10. Be3 Bb7 11. Qe1 Be7 12. Rd1 Qc7 13. Qg3 O-O 14. a3 Nxb3 15.
Nxb3 Rfd8 16. Rd2 Nd7 17. f4 Nf6 18. Bd4 g6 19. e5 Nh5 20. Qe3 dxe5 21. fxe5 Ng7
22. g4 Qc6 23. Qg3 a5 24. Be3 Rxd2 25. Nxd2 h5 26. h3 Qh1+ 27. Kf2 h4 28. Qg1
Qxh3 29. Nce4 Bxe4 30. Nxe4 Rc8 31. c3 Nf5 32. Re1 Ng3 33. Bf4 Rc4 34. Bxg3
hxg3+ 35. Kf3 g2+ 36. Ng3 Bc5 37. Qxg2 Qxg4# 0-1

[Event "GRENKE Chess Open 2018"]
[Site "Karlsruhe GER"]
[Date "2018.03.29"]
[Round "1.30"]
[White "Antal, Gergely"]
[Black "Doll, Stefan"]
[Result "1-0"]
[WhiteTitle "GM"]
[WhiteElo "2540"]
[BlackElo "2133"]
[WhiteFideId "717312"]
[BlackFideId "4632559"]
[EventDate "2018.03.29"]

1. e4 e5 2. Nc3 Nf6 3. g3 Bc5 4. Bg2 a6 5. Nge2 Nc6 6. d3 d6 7. O-O Be6 8. Nd5
Nb8 9. d4 Ba7 10. c3 c6 11. Nxf6+ Qxf6 12. f4 Bg4 13. fxe5 Qxe5 14. Be3 Qe7 15.
h3 Bh5 16. g4 Bg6 17. Ng3 d5 18. Nf5 Bxf5 19. Rxf5 Nd7 20. Bg5 f6 21. exd5 fxg5
22. dxc6 bxc6 23. Bxc6 O-O-O 24. Qf1 Qe3+ 25. Kg2 Nb8 26. Re1 Qd2+ 27. Re2 1-0

[Event "GRENKE Chess Open 2018"]
[Site "Karlsruhe GER"]
[Date "2018.03.29"]
[Round "1.31"]
[White "Merkel, Markus"]
[Black "Danin, Alexandre"]
[Result "0-1"]
[BlackTitle "GM"]
[WhiteElo "2133"]
[BlackElo "2540"]
[WhiteFideId "4675657"]
[BlackFideId "4144031"]
[EventDate "2018.03.29"]

1. d4 Nf6 2. Nf3 g6 3. Nbd2 c5 4. dxc5 Qa5 5. e3 Bg7 6. a3 Qxc5 7. b4 Qc7 8. Bb2
O-O 9. c4 b6 10. Be2 Bb7 11. O-O d6 12. Rc1 Nbd7 13. Qc2 Rac8 14. Qb1 Qb8 15.
Qa1 Qa8 16. Rfd1 a6 17. Bf1 Bh6 18. Nd4 Rc7 19. a4 a5 20. Nb5 Rc6 21. Be2 axb4
22. Bf3 Rc5 23. Nxd6 Bxf3 24. Nxf3 Ra5 25. Nb5 Rxa4 26. Qb1 Rc8 27. Bd4 Bf8 28.
h3 Ne4 29. Ne5 Ndc5 30. f3 Ng3 31. Rd2 Nf5 32. Re2 Bg7 33. Bb2 Ra2 34. f4 Ng3
35. Rec2 b3 36. Rd2 Nce4 37. Rd4 Ne2+ 38. Kh2 Nxd4 39. Kg1 Ne2+ 40. Kh2 Nxc1 41.
Qxc1 Bxe5 0-1

[Event "GRENKE Chess Open 2018"]
[Site "Karlsruhe GER"]
[Date "2018.03.29"]
[Round "1.32"]
[White "Kuljasevic, Davorin"]
[Black "Brem, Stephan"]
[Result "1-0"]
[WhiteTitle "GM"]
[WhiteElo "2538"]
[BlackElo "2129"]
[WhiteFideId "14506661"]
[BlackFideId "4617266"]
[EventDate "2018.03.29"]

1. d4 Nc6 2. Nf3 d5 3. g3 Bg4 4. Bg2 e6 5. O-O f5 6. c4 Nf6 7. Ne5 Be7 8. Nc3
O-O 9. Nxg4 fxg4 10. cxd5 exd5 11. Bg5 Kh8 12. Bxf6 Bxf6 13. e3 Ne7 14. Qxg4 c6
15. b4 b5 16. a4 Qd6 17. axb5 Qxb4 18. Rfc1 c5 19. Rab1 Qa3 20. Nxd5 Nxd5 21.
Bxd5 Rad8 22. Be4 cxd4 23. Rc7 Rde8 24. Qf5 Rxe4 25. Qxe4 dxe3 26. Qxe3 Qd6 27.
Qc5 Qxc5 28. Rxc5 Bd4 29. Rc2 Kg8 30. Rd1 Bb6 31. Rd5 h6 32. Kg2 1-0

[Event "GRENKE Chess Open 2018"]
[Site "Karlsruhe GER"]
[Date "2018.03.29"]
[Round "1.33"]
[White "Zimmermann, Paul"]
[Black "Kollars, Dmitrij"]
[Result "0-1"]
[BlackTitle "GM"]
[WhiteElo "2128"]
[BlackElo "2534"]
[WhiteFideId "4659120"]
[BlackFideId "12909572"]
[EventDate "2018.03.29"]

1. d4 d5 2. Nf3 Nf6 3. Bf4 c5 4. c3 Nc6 5. e3 Qb6 6. Qb3 c4 7. Qxb6 axb6 8. Be2
Bf5 9. O-O b5 10. Nfd2 e6 11. f3 Be7 12. Bg5 Bg6 13. Bxf6 Bxf6 14. e4 Nxd4 15.
Bd1 Nc6 16. exd5 exd5 17. Re1+ Kd7 18. f4 Kd6 19. Bf3 h5 20. g3 b4 21. Kg2 Rhe8
22. Rxe8 Rxe8 23. Kf2 0-1

[Event "GRENKE Chess Open 2018"]
[Site "Karlsruhe GER"]
[Date "2018.03.29"]
[Round "1.34"]
[White "Lampert, Jonas"]
[Black "Boelhouwer, Collin"]
[Result "1-0"]
[WhiteTitle "IM"]
[WhiteElo "2532"]
[BlackElo "2127"]
[WhiteFideId "1303759"]
[BlackFideId "1013300"]
[EventDate "2018.03.29"]

1. d4 Nf6 2. c4 e6 3. g3 Bb4+ 4. Bd2 c5 5. Bxb4 cxb4 6. Bg2 O-O 7. Nf3 d5 8. a3
Nc6 9. axb4 Nxb4 10. O-O b6 11. cxd5 Nbxd5 12. Re1 Bb7 13. e4 Nb4 14. Nc3 a5 15.
Qd2 Rc8 16. Rad1 Ba6 17. Bh3 Rc7 18. d5 exd5 19. exd5 Qd6 20. Nd4 Qc5 21. Nf5
Bd3 22. d6 Ra7 23. Qf4 Bxf5 24. Bxf5 g6 25. d7 Raa8 26. Be4 Nh5 27. Qd6 Qxd6 28.
Rxd6 Rad8 29. Na4 f5 30. Bb7 Nf6 31. Nxb6 Rf7 32. Bc8 Kf8 33. Re5 f4 34. gxf4
Ng4 35. Re8+ 1-0

[Event "GRENKE Chess Open 2018"]
[Site "Karlsruhe GER"]
[Date "2018.03.29"]
[Round "1.35"]
[White "Duchateau, Thomas"]
[Black "Burmakin, Vladimir"]
[Result "1/2-1/2"]
[BlackTitle "GM"]
[WhiteElo "2127"]
[BlackElo "2522"]
[WhiteFideId "630837"]
[BlackFideId "4105109"]
[EventDate "2018.03.29"]

1. d4 Nf6 2. Bf4 c6 3. Nf3 Qb6 4. Qc1 d5 5. e3 Nh5 6. Be5 Nd7 7. Be2 Nxe5 8.
dxe5 g6 9. O-O Ng7 10. c4 dxc4 11. Nbd2 Ne6 12. Nxc4 Qc7 13. a4 Bg7 14. b4 O-O
15. b5 Bd7 16. Rb1 b6 17. Qa3 cxb5 18. axb5 Nc5 19. Nd4 Bxe5 20. Nxe5 Qxe5 21.
Bf3 Rac8 22. Qxa7 Qc7 23. Qxc7 Rxc7 24. Nc6 Bf5 25. Rb4 Rfc8 26. Rd1 Kf8 27. g4
Bd7 28. Kg2 h6 29. Kg3 Be8 30. h4 Nb7 31. Ra1 Nc5 32. Rd1 Rd7 33. Rbd4 Rxd4 34.
Rxd4 Ne6 35. Rb4 Nc7 36. Rb2 f6 37. Bg2 Nxb5 38. Rxb5 Bxc6 39. Rxb6 Bxg2 40.
Kxg2 Rc4 41. Kg3 Kf7 42. Rb5 1/2-1/2

[Event "GRENKE Chess Open 2018"]
[Site "Karlsruhe GER"]
[Date "2018.03.29"]
[Round "1.36"]
[White "Schneider, Ilja"]
[Black "Thomas, Ingo"]
[Result "1-0"]
[WhiteTitle "IM"]
[WhiteElo "2513"]
[BlackElo "2127"]
[WhiteFideId "4663306"]
[BlackFideId "4643828"]
[EventDate "2018.03.29"]

1. d4 d5 2. c4 c6 3. Nf3 Nf6 4. e3 Bf5 5. Nc3 e6 6. Nh4 Bg6 7. Nxg6 hxg6 8. a3
Nbd7 9. g3 Be7 10. b3 O-O 11. Bg2 a6 12. O-O b5 13. Qe2 Nb6 14. a4 b4 15. Nb1 c5
16. Bb2 Qd7 17. Rd1 Rfd8 18. Nd2 a5 19. e4 Rac8 20. cxd5 exd5 21. e5 Ne8 22.
dxc5 Bxc5 23. Ne4 Be7 24. Bd4 Qe6 25. Nd2 Rc2 26. Rac1 Rdc8 27. Rxc2 Rxc2 28.
Qb5 Nd7 29. Qxd5 Nc7 30. Qe4 Qf5 31. g4 1-0

[Event "GRENKE Chess Open 2018"]
[Site "Karlsruhe GER"]
[Date "2018.03.29"]
[Round "1.37"]
[White "Kienitz, Andre"]
[Black "Schlosser, Philipp"]
[Result "0-1"]
[BlackTitle "GM"]
[WhiteElo "2126"]
[BlackElo "2510"]
[WhiteFideId "24609064"]
[BlackFideId "4600169"]
[EventDate "2018.03.29"]

1. e4 c5 2. Nf3 e6 3. d4 cxd4 4. Nxd4 Nc6 5. Nc3 a6 6. Nxc6 bxc6 7. Bd3 d5 8.
O-O Nf6 9. Qf3 Be7 10. Na4 O-O 11. b3 e5 12. h3 Be6 13. Be3 Nd7 14. Qe2 a5 15.
c4 d4 16. Bd2 Nc5 17. Nxc5 Bxc5 18. f4 f6 19. f5 Bf7 20. Kh1 Qe7 21. g4 Bb4 22.
a4 Bxd2 23. Qxd2 Rfb8 24. Bc2 Qb4 25. Qxb4 Rxb4 26. Rf3 Kf8 27. Kg2 Rab8 28. Kf2
Ke7 29. Ke2 Kd6 30. Kd2 Kc5 31. h4 R4b7 32. Rg3 Rd8 33. Kd3 Kb4 34. Rg2 Kc5 35.
Rg3 Kd6 36. Rag1 Ke7 37. Bd1 g6 38. h5 Rdb8 39. Kd2 Rg8 40. h6 g5 41. Bc2 Kd6
42. Rb1 Rgb8 43. Rgg1 Kc5 44. Kd3 Kb4 45. Rgc1 Kc5 46. Rg1 Kb4 0-1

[Event "GRENKE Chess Open 2018"]
[Site "Karlsruhe GER"]
[Date "2018.03.29"]
[Round "1.38"]
[White "Valsecchi, Alessio"]
[Black "Reck, Moritz"]
[Result "1-0"]
[WhiteTitle "IM"]
[WhiteElo "2510"]
[BlackElo "2126"]
[WhiteFideId "818860"]
[BlackFideId "24647748"]
[EventDate "2018.03.29"]

1. e4 g6 2. d4 Bg7 3. c4 d6 4. Nc3 Nc6 5. Be3 e5 6. d5 Nce7 7. g4 f5 8. gxf5
gxf5 9. Qh5+ Ng6 10. exf5 Qh4 11. Qf3 Nf4 12. Nh3 Nxh3 13. Bxh3 Qxc4 14. Rg1 e4
15. Qh5+ Kf8 16. Rxg7 Kxg7 17. O-O-O 1-0

[Event "GRENKE Chess Open 2018"]
[Site "Karlsruhe GER"]
[Date "2018.03.29"]
[Round "1.39"]
[White "Jansen, Bob"]
[Black "Kanarek, Marcel"]
[Result "1/2-1/2"]
[BlackTitle "GM"]
[WhiteElo "2124"]
[BlackElo "2506"]
[WhiteFideId "1012550"]
[BlackFideId "1126822"]
[EventDate "2018.03.29"]

1. d4 Nf6 2. Bg5 d5 3. Bxf6 gxf6 4. c4 c5 5. cxd5 Qxd5 6. Nf3 cxd4 7. Nc3 Qa5 8.
Nxd4 Bd7 9. g3 Nc6 10. Nb3 Qd8 11. Nc5 e6 12. Nxd7 Qxd7 13. Qxd7+ Kxd7 14. Bg2
Bb4 15. Rc1 Rac8 16. O-O Ke7 17. Rfd1 Na5 18. Nb5 a6 19. a3 axb5 20. axb4 Nb3
21. Rc3 Rxc3 22. bxc3 Rc8 23. Bxb7 Rxc3 24. Ba6 Rc4 25. Bxb5 Rxb4 1/2-1/2

[Event "GRENKE Chess Open 2018"]
[Site "Karlsruhe GER"]
[Date "2018.03.29"]
[Round "1.40"]
[White "Ider, Borya"]
[Black "Tscharotschkin, Michael"]
[Result "1-0"]
[WhiteTitle "IM"]
[WhiteElo "2505"]
[BlackElo "2124"]
[WhiteFideId "4901134"]
[BlackFideId "4619510"]
[EventDate "2018.03.29"]

1. d4 d5 2. Nf3 c6 3. Bf4 Bf5 4. c3 e6 5. Qb3 Qb6 6. Nbd2 Nd7 7. Nh4 Bg6 8. Nxg6
hxg6 9. e3 Ngf6 10. h3 c5 11. Be2 c4 12. Qxb6 Nxb6 13. b3 Rc8 14. bxc4 dxc4 15.
e4 Ba3 16. Rb1 O-O 17. Kd1 Rfd8 18. Kc2 Rd7 19. Rb5 Na4 20. Ra5 Nxc3 21. Kxc3
Bb2+ 22. Kxb2 c3+ 23. Kb3 cxd2 24. f3 Rxd4 25. Be3 Rd7 26. Rd1 b6 27. Ra4 Rcd8
28. Bb5 Rc7 29. Rxd2 1-0

[Event "GRENKE Chess Open 2018"]
[Site "Karlsruhe GER"]
[Date "2018.03.29"]
[Round "1.41"]
[White "Vanstreels, Luc"]
[Black "Lobron, Eric"]
[Result "0-1"]
[BlackTitle "GM"]
[WhiteElo "2124"]
[BlackElo "2503"]
[WhiteFideId "205737"]
[BlackFideId "4600037"]
[EventDate "2018.03.29"]

1. d4 Nf6 2. Bf4 g6 3. Nc3 d5 4. e3 Bg7 5. h4 O-O 6. h5 c5 7. hxg6 hxg6 8. Nb5
Nc6 9. Nc7 e5 10. dxe5 Qxc7 11. exf6 Qa5+ 12. c3 Bxf6 13. Bd3 d4 14. Bxg6 fxg6
15. Qb3+ Rf7 16. Rh7 Nd8 17. Rh6 Bf5 18. Ne2 dxc3 19. Nxc3 c4 20. Qxc4 Rc8 21.
Rxg6+ Kh7 22. Rh6+ Kg7 23. Qb3 Rxc3 0-1

[Event "GRENKE Chess Open 2018"]
[Site "Karlsruhe GER"]
[Date "2018.03.29"]
[Round "1.42"]
[White "Riff, Jean-Noel"]
[Black "Zimmer, Rolf"]
[Result "1-0"]
[WhiteTitle "GM"]
[WhiteElo "2503"]
[BlackElo "2124"]
[WhiteFideId "611190"]
[BlackFideId "24687898"]
[EventDate "2018.03.29"]

1. e4 c5 2. Nf3 Nc6 3. Bb5 g6 4. O-O Bg7 5. c3 Nf6 6. Re1 O-O 7. h3 d5 8. e5 Nd7
9. d4 e6 10. a4 Qc7 11. Bg5 Re8 12. Na3 c4 13. Nc2 h6 14. Bf4 Nf8 15. Qd2 Kh7
16. Ne3 g5 17. Bg3 Ng6 18. Ng4 Qd8 19. a5 Bd7 20. Bxc6 Bxc6 21. h4 gxh4 22. Bf4
Nxf4 23. Qxf4 Qc7 24. Qh2 Qe7 25. Re3 Rg8 26. Nxh4 Qg5 27. Rg3 Qh5 28. Qh3 Raf8
29. Re1 Ba4 30. Ree3 Bd1 31. Nf6+ Bxf6 32. exf6 Bg4 33. Qh2 Bf5 34. f3 Rxg3 35.
Qxg3 Rg8 36. Qf4 Bc2 37. Re5 Rg5 38. Rxe6 Bf5 39. Re5 Bg4 1-0

[Event "GRENKE Chess Open 2018"]
[Site "Karlsruhe GER"]
[Date "2018.03.29"]
[Round "1.43"]
[White "Dobrikov, Marco"]
[Black "Korpa, Bence"]
[Result "0-1"]
[BlackTitle "GM"]
[WhiteElo "2123"]
[BlackElo "2502"]
[WhiteFideId "12950378"]
[BlackFideId "706671"]
[EventDate "2018.03.29"]

1. e4 c5 2. Nf3 e6 3. d4 cxd4 4. Nxd4 Nc6 5. Nc3 Qc7 6. f4 a6 7. Nxc6 Qxc6 8.
Bd3 b5 9. Qe2 Bb7 10. Bd2 Bc5 11. O-O-O Ne7 12. Rhe1 b4 13. Nb1 O-O 14. Be3 a5
15. f5 Rfc8 16. Nd2 Bxe3 17. Qxe3 a4 18. Kb1 Ba6 19. Nf3 Qc7 20. Qd2 b3 21. cxb3
Bxd3+ 22. Qxd3 axb3 23. Qxb3 Rcb8 24. Qd3 Nc6 25. Qc3 Qa7 26. a3 Qa4 27. Rd3 Rc8
28. Qb3 Qa7 29. Rc3 Rcb8 30. Qc2 h6 31. fxe6 fxe6 32. e5 Rb5 33. Rb3 Rc5 34. Qe4
Rc8 35. Rd3 Qc7 36. Qe3 Ne7 37. Red1 Nd5 38. Qe1 Rc2 39. R3d2 Rc4 40. Rd4 Rc2
41. R4d2 Rc5 42. Rd3 Qb6 43. Ka1 Rc2 44. Rb1 Qa6 45. Rd2 Nb4 46. Nd4 Qc4 47. b3
Qxd4+ 0-1

[Event "GRENKE Chess Open 2018"]
[Site "Karlsruhe GER"]
[Date "2018.03.29"]
[Round "1.44"]
[White "Noe, Christopher"]
[Black "Levrand, Roland"]
[Result "1-0"]
[WhiteTitle "IM"]
[WhiteElo "2494"]
[BlackElo "2123"]
[WhiteFideId "24692018"]
[BlackFideId "1322524"]
[EventDate "2018.03.29"]

1. d4 Nf6 2. c4 g6 3. f3 Bg7 4. e4 O-O 5. Nc3 c6 6. Bd3 d5 7. cxd5 cxd5 8. e5
Nfd7 9. f4 Nc6 10. Nf3 Nb6 11. h3 f6 12. O-O Be6 13. exf6 Bxf6 14. Ne2 Nc4 15.
b3 Nd6 16. g4 Qb6 17. Be3 a5 18. Kg2 a4 19. bxa4 Qa5 20. Qb1 Nc4 21. Bf2 Bf7 22.
f5 Nd2 23. Nxd2 Qxd2 24. fxg6 hxg6 25. Rd1 Qg5 26. Qxb7 Rfc8 27. Rac1 Be8 28.
Qb3 Rcb8 29. Bb5 Na5 30. Qf3 Bg7 31. h4 Qf6 32. Qxf6 Bxf6 33. Bxe8 Rxe8 34. Nf4
g5 35. Nxd5 Rab8 36. Rc5 Nb7 37. Rc6 gxh4 38. Rxf6 exf6 39. Nxf6+ Kf7 40. Nxe8
Rxe8 41. Rb1 Nd6 42. Bxh4 Re2+ 43. Kf3 Rxa2 44. Rb4 Ke6 45. Bg3 Ra3+ 46. Kg2 Ne4
47. Bc7 Kd7 48. Be5 Nc3 49. g5 Nd5 50. Rb7+ Ke6 51. g6 Rxa4 52. g7 Ra8 53. Bb8
Ra2+ 54. Kh3 Ra3+ 55. Kh4 Ra1 56. g8=Q+ 1-0

[Event "GRENKE Chess Open 2018"]
[Site "Karlsruhe GER"]
[Date "2018.03.29"]
[Round "1.45"]
[White "Bauer, Thomas"]
[Black "Bellahcene, Bilel"]
[Result "0-1"]
[WhiteTitle "CM"]
[BlackTitle "IM"]
[WhiteElo "2122"]
[BlackElo "2488"]
[WhiteFideId "1639293"]
[BlackFideId "696358"]
[EventDate "2018.03.29"]

1. e4 c5 2. Nf3 Nc6 3. Bb5 Nf6 4. Bxc6 dxc6 5. d3 Bg4 6. Nbd2 Nd7 7. h3 Bh5 8.
Nf1 Ne5 9. g4 Nxf3+ 10. Qxf3 Bg6 11. Bd2 f6 12. h4 Bf7 13. Ng3 Qd7 14. Ba5 b6
15. Bd2 a5 16. a4 h6 17. Bc3 Be6 18. Nf5 h5 19. g5 Rh7 20. Rg1 O-O-O 21. O-O-O
g6 22. Ne3 fxg5 23. Nc4 Kb7 24. Ne5 Qd6 25. d4 g4 26. Qe2 cxd4 27. Rxd4 Qc7 28.
Rxd8 Qxd8 29. Rd1 Qe8 30. Nd3 Bc8 31. Kb1 e5 32. Qe3 Bd6 33. b3 Rd7 34. Qg5 Bc7
35. Qf6 Rd6 36. Qg7 Re6 37. Ka2 Qe7 38. Qg8 Rf6 39. Nxe5 Bxe5 40. Bxe5 Qxe5 41.
Qg7+ Kb8 42. Rd8 Qe6 43. Kb1 Rxf2 44. Qd4 Rf1+ 45. Ka2 Kb7 46. Rd6 c5 47. Qd3
Qe5 48. Rxb6+ Kxb6 49. Qb5+ Ka7 50. Qxf1 Qxe4 51. Qf2 Kb6 52. Qf6+ Qc6 53. Qd8+
Qc7 54. Qd3 g3 55. Qxg6+ Ka7 56. Qxh5 Bb7 57. Qg5 g2 58. h5 c4 59. b4 Qb6 60.
bxa5 Qf2 61. Qg6 g1=Q 0-1

[Event "GRENKE Chess Open 2018"]
[Site "Karlsruhe GER"]
[Date "2018.03.30"]
[Round "2.1"]
[White "Bacrot, Etienne"]
[Black "Groetzbach, Julian"]
[Result "1-0"]
[WhiteTitle "GM"]
[BlackTitle "FM"]
[WhiteElo "2718"]
[BlackElo "2284"]
[WhiteFideId "605506"]
[BlackFideId "24600938"]
[EventDate "2018.03.29"]

1. e4 c5 2. Nf3 d6 3. d4 cxd4 4. Nxd4 Nf6 5. Nc3 a6 6. Be2 e5 7. Nf3 h6 8. Nd2
b5 9. a4 b4 10. Nd5 Nxd5 11. exd5 Be7 12. a5 Nd7 13. Nc4 Nc5 14. Be3 Qc7 15. Nb6
Rb8 16. Qd2 b3 17. Qc3 Rxb6 18. axb6 Qxb6 19. cxb3 Qxb3 20. Bxc5 Qxc3+ 21. bxc3
dxc5 22. Bxa6 Kd7 23. Bxc8+ Rxc8 24. Ke2 c4 25. Ra7+ Kd6 26. Rd1 Rb8 27. Ra6+
Kd7 28. Rc6 Rb5 29. Rxc4 Bc5 30. Ra4 Rb3 31. Kd3 Bxf2 32. Kc2 Rb6 33. Rf1 Rf6
34. Kd3 1-0

[Event "GRENKE Chess Open 2018"]
[Site "Karlsruhe GER"]
[Date "2018.03.30"]
[Round "2.2"]
[White "Neukirchner, Pascal"]
[Black "Rapport, Richard"]
[Result "0-1"]
[BlackTitle "GM"]
[WhiteElo "2285"]
[BlackElo "2715"]
[WhiteFideId "12997927"]
[BlackFideId "738590"]
[EventDate "2018.03.29"]

1. d4 e6 2. c4 Nf6 3. g3 Bb4+ 4. Bd2 Be7 5. Bg2 d5 6. Nf3 Ne4 7. O-O f5 8. Nc3
c6 9. Bf4 Nd7 10. h4 O-O 11. Rc1 Qe8 12. Ne5 Nxe5 13. Bxe5 Nd6 14. cxd5 exd5 15.
Qb3 Kh8 16. e3 Nc4 17. Qc2 Be6 18. Ne2 a5 19. Nf4 Bg8 20. Bh3 a4 21. Bxf5 Bd8
22. Bg6 Qe7 23. Bh5 Nxe5 24. dxe5 Qxe5 25. Bg4 Bf6 26. Nd3 Qe4 27. Bh3 d4 28.
Bg2 Qg4 29. e4 Bxa2 30. e5 Be7 31. Rce1 Bb3 32. Qd2 Qe6 33. f4 a3 34. bxa3 Rxa3
35. Be4 Ra2 36. Nb2 Ba3 37. Rb1 c5 38. Rf3 Bd5 0-1

[Event "GRENKE Chess Open 2018"]
[Site "Karlsruhe GER"]
[Date "2018.03.30"]
[Round "2.3"]
[White "Reza, Wojciech"]
[Black "Andreikin, Dmitry"]
[Result "0-1"]
[WhiteTitle "FM"]
[BlackTitle "GM"]
[WhiteElo "2283"]
[BlackElo "2712"]
[WhiteFideId "1151967"]
[BlackFideId "4158814"]
[EventDate "2018.03.29"]

1. e4 c5 2. Nf3 d6 3. d4 cxd4 4. Nxd4 Nf6 5. Nc3 a6 6. Qf3 g6 7. Be3 Bg7 8. h3
h5 9. Bc4 Nbd7 10. Bb3 Nc5 11. Rd1 Bd7 12. e5 dxe5 13. Nf5 gxf5 14. Bxc5 Qc7 15.
Rxd7 Nxd7 16. Qxf5 e6 17. Bxe6 Nxc5 18. Nd5 Nxe6 19. Nxc7+ Nxc7 20. Qe4 O-O-O
21. O-O Kb8 22. c3 h4 23. Qf3 Rd7 24. Rd1 e4 25. Qe2 Re7 26. Qg4 Bf6 27. Rd6 Be5
28. Rd7 Rxd7 29. Qxd7 f6 30. Kf1 Nb5 31. c4 Nd4 32. b4 Nc6 33. b5 axb5 34. cxb5
Nd4 35. b6 Rc8 36. f4 e3 37. g4 Rc1+ 38. Kg2 Rc2+ 39. Kf1 Rf2+ 0-1

[Event "GRENKE Chess Open 2018"]
[Site "Karlsruhe GER"]
[Date "2018.03.30"]
[Round "2.4"]
[White "Rapport, Jovana"]
[Black "Van Wely, Loek"]
[Result "0-1"]
[WhiteTitle "WGM"]
[BlackTitle "GM"]
[WhiteElo "2282"]
[BlackElo "2667"]
[WhiteFideId "937266"]
[BlackFideId "1000268"]
[EventDate "2018.03.29"]

1. d4 Nf6 2. Nf3 g6 3. c4 Bg7 4. Nc3 d5 5. Bg5 Ne4 6. cxd5 Nxg5 7. Nxg5 e6 8.
Qd2 h6 9. Nf3 exd5 10. e3 O-O 11. Be2 a5 12. O-O c6 13. Na4 Nd7 14. Rfc1 f5 15.
Nc5 Nxc5 16. Rxc5 g5 17. Rd1 f4 18. h3 Qd6 19. Rc3 Bd7 20. Re1 Rae8 21. Nh2 fxe3
22. Rxe3 Rxe3 23. fxe3 Bxh3 24. Bf3 Bf5 25. Qxa5 Qe6 26. Nf1 g4 27. Be2 h5 28.
Qd2 Qd6 29. Qd1 Bd7 30. Bd3 h4 31. Nd2 Re8 32. Re2 Qh6 33. Qe1 Qg5 34. Nb3 g3
35. e4 Bg4 36. Rc2 dxe4 37. Bxe4 Qf4 38. Bd5+ Kf8 39. Qb4+ Re7 40. Bc4 Bxd4+ 41.
Kh1 c5 0-1

[Event "GRENKE Chess Open 2018"]
[Site "Karlsruhe GER"]
[Date "2018.03.30"]
[Round "2.5"]
[White "Korobov, Anton"]
[Black "Paul, Johannes"]
[Result "1-0"]
[WhiteTitle "GM"]
[BlackTitle "FM"]
[WhiteElo "2664"]
[BlackElo "2279"]
[WhiteFideId "14105730"]
[BlackFideId "24622087"]
[EventDate "2018.03.29"]

1. d4 Nf6 2. c4 e6 3. Nf3 b6 4. g3 Bb7 5. Bg2 Bb4+ 6. Bd2 c5 7. d5 Bxd2+ 8.
Nfxd2 d6 9. Nc3 e5 10. O-O O-O 11. h3 Nbd7 12. f4 a6 13. a4 Qe7 14. Kh2 Ne8 15.
f5 Ndf6 16. Qb3 Qd8 17. g4 h6 18. Rg1 Bc8 19. Be4 Rb8 20. Raf1 Bd7 21. g5 hxg5
22. Rxg5 Kh7 23. Rfg1 Rh8 24. Bd3 Kg8 25. Qd1 Kf8 26. Qf1 Nh7 27. Rh5 Nef6 28.
Rh4 Rg8 29. Qf2 Qe7 30. b3 Ke8 31. a5 b5 32. cxb5 axb5 33. b4 c4 34. Bc2 Kd8 35.
Qa7 Rc8 36. Qb6+ Rc7 37. a6 1-0

[Event "GRENKE Chess Open 2018"]
[Site "Karlsruhe GER"]
[Date "2018.03.30"]
[Round "2.7"]
[White "Fridman, Daniel"]
[Black "Fischer, Sebastian"]
[Result "1-0"]
[WhiteTitle "GM"]
[WhiteElo "2637"]
[BlackElo "2277"]
[WhiteFideId "11600454"]
[BlackFideId "4621441"]
[EventDate "2018.03.29"]

1. Nf3 f5 2. d3 d6 3. e4 e5 4. Nc3 c5 5. g3 Nc6 6. Nh4 f4 7. Bg2 Be6 8. O-O g5
9. Nf5 h5 10. h4 Qd7 11. hxg5 Nge7 12. Nxe7 Bxe7 13. gxf4 exf4 14. Bxf4 O-O-O
15. Be3 Ne5 16. f4 Bg4 17. Qd2 Ng6 18. Nd5 Rdg8 19. d4 h4 20. Kh2 h3 21. Bh1 Nh4
22. dxc5 dxc5 23. Qc3 b6 24. b4 1-0